| 000 | 01112nam a2200313 a 4500 | ||
|---|---|---|---|
| 001 | 729751 | ||
| 003 | OSt | ||
| 005 | 20151027113533.0 | ||
| 008 | 990316s1999 txua bf 001 0 eng | ||
| 010 | _a 98088048 | ||
| 020 | _a9814066222 | ||
| 040 |
_aDLC _cDLC |
||
| 050 | 0 | 0 |
_aLB 2369 _b.W775 1999 |
| 082 | 0 | 0 |
_aIB 808.02 _bW72 1999 |
| 100 | 1 | _aWinkler, Anthony C. | |
| 245 | 1 | 0 |
_aWriting the research paper : _ba handbook with both the MLA and APA documentation styles _cAnthony C. Winkler, Jo Ray McCuen. |
| 250 | _a5th ed. | ||
| 260 |
_aFort Worth, TX : _bHarcourt College Publishers, _cc1999. |
||
| 300 |
_a358 p. : _bill. ; _c23 cm. |
||
| 504 | _aIncludes bibliographical references (p. 301-344) and index. | ||
| 562 | _efor circulation.1 copy available in the collection | ||
| 650 | 0 |
_aReport writing _xHandbooks, manuals, etc. |
|
| 650 | 0 |
_aResearch _xHandbooks, manuals, etc. |
|
| 700 | 1 |
_aMcCuen, Jo Ray, _d1929- |
|
| 906 |
_a7 _bcbc _corignew _d2 _eopcn _f19 _gy-gencatlg |
||
| 942 |
_2lcc _cBK |
||
| 999 |
_c2235 _d2235 |
||